Čo kto robí /
| Hlavní autor: | Cpin, Štefan, 1919-1971 |
|---|---|
| Jazyk: | Slovenština |
| Vydáno: |
Bratislava : Mladé letá, [1959] |
| Fyzický popis: |
1 sv. (nestránkován) |
| LEADER | 00574nam a22001932a 4500 | ||
|---|---|---|---|
| 001 | 000969074 | ||
| 003 | CZ BrMZK | ||
| 005 | 20100309150209.0 | ||
| 007 | ta | ||
| 008 | 091005q1959 xo er|||||||||||slo d | ||
| 040 | |a BOA001 |b cze | ||
| 100 | 1 | |a Cpin, Štefan, |d 1919-1971 |7 xx0015798 |4 aut | |
| 245 | 1 | 0 | |a Čo kto robí / |c Štefan Cpin |
| 260 | |a Bratislava : |b Mladé letá, |c [1959] | ||
| 300 | |a 1 sv. (nestránkován) | ||
| 910 | |a BOA001 |b 1-0429.209 | ||
| 990 | |a BK | ||
| 991 | |b 200910 | ||
| 996 | 7 | |b 2619429710 |c 1-0429.209 |l MZK |r Sklad / do 1 hodiny |n 0 |w 000969074 |u 000010 |a 1 |e BOA001 |j MZK50 |s A | |
English
Čeština 